| 000 | 00628cam a2200169 i 4500 | ||
|---|---|---|---|
| 005 | 20260217115228.0 | ||
| 008 | 250721s1998 jo gr 000 0 ara d | ||
| 082 | 1 | 4 |
_a410 _bب و ر |
| 100 | 1 |
_aالبوريني، عبد الرحمن أحمد _eمؤلف. |
|
| 245 | 1 | 2 |
_aاللغة العربية أصل اللغات كلها / _cتأليف عبد الرحمن أحمد البوريني. |
| 264 | 3 | 1 |
_aعمان : _bدار الحسن للنشر والتوزيع، _c1998. |
| 300 | _a167صفحة. | ||
| 650 | 1 | 7 | _aاللغات. |
| 650 | 1 | 7 | _aاللغة العربية. |
| 942 |
_2ddc _cBK |
||
| 999 |
_c62812 _d62812 |
||